| 000 | 01974cgm a22004457a 4500 | ||
|---|---|---|---|
| 005 | 20140312103156.0 | ||
| 007 | vd cgaizm | ||
| 008 | 140311t2006 xx 137 e |||| 0| vleng d | ||
| 020 | _a7321902117621 | ||
| 041 | 1 |
_aeng _aita |
|
| 082 | 0 | 4 |
_222 _a791.4372 _bBLO |
| 245 | 0 | 0 |
_aBlood diamond _h[videorecording] / _cWarner Bros. Pictures, Virtual Studios, a Spring Creek / Bedford Falls production, Initial Entertainment Group, an Edward Zwick film ; produced by Paula Weinstein, Edward Zwick, Marshall Herskovitz, Graham King, Gillian Gorfil ; story by Charles Leavitt and C. Gaby Mitchell ; screenplay by Charles Leavitt ; directed by Edward Zwick. |
| 250 | _a2.40 Widescreen. | ||
| 260 |
_a[S. l.] : _bLonely Film Productions, _cc.2006. |
||
| 300 |
_a1 videodisc (137 min.) : _bsd., col. ; _c4 3/4 in. |
||
| 508 | _aDirector of photography Eduardo Serra ; edited by Steven Rosenblum ; music by James Newton Howard. | ||
| 511 | _aLeonardo DiCaprio, Jennifer Connelly, Djimon Hounsou. | ||
| 521 | _aSuitable only for persons of 15 years and over . | ||
| 546 | _aIn English and Italian. | ||
| 650 | 0 |
_aConflict diamonds _vDrama _935546 |
|
| 653 |
_bGGEN _cMarch2014 |
||
| 700 | 1 |
_aDiCaprio, Leonardo, _935271 _d1974- |
|
| 700 | 1 |
_aConnelly, Jennifer, _935548 _d1970- |
|
| 700 | 1 |
_aHounsou, Djimon, _935549 _d1964- |
|
| 700 | 1 |
_aHoward, James Newton, _935550 _d1951- |
|
| 700 | 1 |
_a Rosenblum, Steven _935250 |
|
| 700 | 1 |
_aSerra, Eduardo, _935551 _d1943- |
|
| 700 | 1 |
_aZwick, Edward, _935535 _d1952- |
|
| 700 | 1 |
_aLeavitt, Charles _935552 |
|
| 700 | 1 |
_aMitchell, C. Gaby _935553 |
|
| 700 | 1 |
_aGorfil, Gillian _935558 |
|
| 700 | 1 |
_aKing, Graham, _935559 |
|
| 700 | 1 |
_aHerskovitz, Marshall, _935538 _d1952- |
|
| 700 | 1 |
_aZwick, Edward, _935535 _d1952- |
|
| 700 | 1 |
_aWeinstein, Paula _935563 |
|
| 710 | 2 |
_aInitial Entertainment Group _935564 |
|
| 710 | 2 |
_935452 _aVirtual Studios |
|
| 710 | 2 |
_935255 _aWarner Bros. Pictures (1969- ) |
|
| 942 |
_2ddc _cDVD _k791.4372 BLO |
||
| 999 |
_c18103 _d18075 |
||